| 000 | 00576nam a2200205 a 4500 | ||
|---|---|---|---|
| 005 | 20210219153511.0 | ||
| 008 | 991125n 000 0 spa u | ||
| 035 | _aUPN01000103198 | ||
| 100 | _aTORRES LANDA, Javier Antonio | ||
| 222 | _aCAMINOS ABIERTOS | ||
| 245 | _aUna aproximación a la planeación educativa | ||
| 260 | _aMéxico | ||
| 300 | _a14-15 | ||
| 362 | _a2000 Año 9, nos. 109-110 (may.-jun.) | ||
| 653 | 0 | _aPLANEACION EDUCATIVA | |
| 653 | 0 | _aPRACTICA DOCENTE | |
| 653 | 0 | _aPROCESO ENSEÑANZA-APRENDIZAJE | |
| 904 |
_aAC _b041009 |
||
| 905 | _aArticulo | ||
| 999 |
_c78537 _d78537 |
||